00000000cas 2200000zi 4500
0019.962810
003CaOODSP
00520260515091612
006m     o  d f      
007cr cn ||||||||
008260515c20259999oncar p o    f0###b0fre|d
040 |aCaOODSP|bfre|erda|cCaOODSP
043 |an-cn---
0861 |aPS101-7F-PDF
1101 |aCanada. |bBureau de l'Enquêteur correctionnel, |eauteur, |eorganisme de publication.
24510|aLoi sur la lutte contre le travail forcé et le travail des enfants dans les chaînes d'approvisionnement : |bexercice financier ...
264 1|a[Ottawa] : |bBureau de l'enquêteur correctionnel = Office of the Correctional Investigator, |c[2026]-
310 |aAnnuel
336 |atexte|btxt|2rdacontent/fre
337 |ainformatique|bc|2rdamedia/fre
338 |aressource en ligne|bcr|2rdacarrier/fre
3621 |aParaît depuis : 2025/2026.
500 |aPublié aussi en anglais sous le titre : Fighting Against Forced Labour and Child Labour in Supply Chains Act.
588 |aDescription d'après : du 1er avril 2025 au 31 mars 2026; titre de départ du fichier PDF.
588 |aDernière livraison consultée : du 1er avril 2025 au 31 mars 2026.
61016|aCanada. |bBureau de l'Enquêteur correctionnel|vPériodiques.
61016|aCanada. |tLoi sur la lutte contre le travail forcé et le travail des enfants dans les chaînes d'approvisionnement |vPériodiques.
650 6|aTravail forcé|zCanada|xPrévention|vPériodiques.
650 6|aEnfants|xTravail|zCanada|xPrévention|vPériodiques.
655 7|aPériodiques|2rvmgf
77508|tFighting Against Forced Labour and Child Labour in Supply Chains Act : |w(CaOODSP)9.962811